00266nam a2200097 a 450000500170000000800410001724500540005826000260011299900170013804000130015520201002031305.0130412s2012 000 spa d 3aLa más extraordinaria historia jámas contada. aSanto Domingo,c2012. c38030d38030 aDO-SdBNP